<?xml version="1.0" encoding="UTF-8"?>
<record
    xmlns:xsi="http://www.w3.org/2001/XMLSchema-instance"
    xsi:schemaLocation="http://www.loc.gov/MARC21/slim http://www.loc.gov/standards/marcxml/schema/MARC21slim.xsd"
    xmlns="http://www.loc.gov/MARC21/slim">

  <leader>00460nam a22001337a 4500</leader>
  <controlfield tag="003">OSt</controlfield>
  <controlfield tag="005">20240320125706.0</controlfield>
  <controlfield tag="008">240320b        |||||||| |||| 00| 0 eng d</controlfield>
  <datafield tag="040" ind1=" " ind2=" ">
    <subfield code="c">Central Library MRSPTU</subfield>
  </datafield>
  <datafield tag="100" ind1=" " ind2=" ">
    <subfield code="a">Balbir Parwana (&#xA2C;&#xA32;&#xA2C;&#xA40;&#xA30; &#xA2A;&#xA30;&#xA35;&#xA3E;&#xA28;&#xA3E;)</subfield>
  </datafield>
  <datafield tag="245" ind1=" " ind2=" ">
    <subfield code="a">Kala, Jindagi te Naksali Sarokar (&#xA15;&#xA32;&#xA3E;, &#xA1C;&#xA3F;&#xA70;&#xA26;&#xA17;&#xA40; &#xA24;&#xA47; &#xA28;&#xA15;&#xA38;&#xA32;&#xA40; &#xA38;&#xA30;&#xA4B;&#xA15;&#xA3E;&#xA30;)</subfield>
  </datafield>
  <datafield tag="260" ind1=" " ind2=" ">
    <subfield code="a">Barnala</subfield>
    <subfield code="b">Tarkbharti Parkashan</subfield>
    <subfield code="c">2004</subfield>
  </datafield>
  <datafield tag="942" ind1=" " ind2=" ">
    <subfield code="2">ddc</subfield>
    <subfield code="c">BK</subfield>
    <subfield code="n">0</subfield>
  </datafield>
  <datafield tag="952" ind1=" " ind2=" ">
    <subfield code="0">0</subfield>
    <subfield code="1">0</subfield>
    <subfield code="2">ddc</subfield>
    <subfield code="4">0</subfield>
    <subfield code="7">0</subfield>
    <subfield code="8">BK</subfield>
    <subfield code="a">MCL</subfield>
    <subfield code="b">MCL</subfield>
    <subfield code="d">2024-03-20</subfield>
    <subfield code="l">1</subfield>
    <subfield code="p">G-81</subfield>
    <subfield code="r">2025-05-27 10:25:17</subfield>
    <subfield code="s">2025-05-07</subfield>
    <subfield code="w">2024-03-20</subfield>
    <subfield code="y">BK</subfield>
  </datafield>
  <datafield tag="999" ind1=" " ind2=" ">
    <subfield code="c">9919</subfield>
    <subfield code="d">9919</subfield>
  </datafield>
</record>
